00717 2200253 4500001002100000005001700021008004100038020001800079035002400097082001000121090001700131100001900148245009700167250001800264260003400282300002300316500002600339650002100365650002700386850001500413980001400428985000600442999001500448YOGYA-0209000001203420090227022204.0 ind  a979-533-037-3 0010-020900000012034 a519.4 a519.4bHad A aHADI, Sutrisno aAnalisis butir untuk instrumen angket, tes dan skala nilai dengan basicacoleh Sutrisno Hadi aEd. 1, cet. 1 aYogyakartabAndi Offsetc1991 aix, 126 hlmc22 cm aBibliografi ;hlm. 121 aanalisis numerik aAnalisis instrumentasi aYOPDYOG(B) a1-12-2005 a1 a97P0091078